000
00243 a2200085 4500
020
_a
9781864707984
100
_a
Zhang Xiaochun
245
_a
Beautiful Villages: Rural Construction Practice in Contemporary China
260
_b
Images Shenyang
_c
2018
999
_c
13284
_d
13284